书目信息 |
| 题名: |
建筑桩基技术规范 JGJ 94-2008
|
|
| 作者: | ;中国建筑科学研究院 主编 ;中国 批准 | |
| 分册: | ||
| 出版信息: | 北京 中国建筑工业出版社 2008 |
|
| 页数: | 317页 | |
| 开本: | 21cm | |
| 丛书名: | 中华人民共和国行业标准 | |
| 单 册: | ||
| 中图分类: | TU473-65 | |
| 科图分类: | ||
| 主题词: | 建筑--jian zhu--桩技术--行业标准--中国--2008 | |
| 电子资源: | ||
| ISBN: | 15112·14762 | |
| 000 | 01311nam 2200313 450 | |
| 001 | 0100003927 | |
| 005 | 20240227112152.99 | |
| 010 | @a15112·14762@dCNY48.00 | |
| 094 | @aCN@bJGJ 94-2008 | |
| 094 | @aCN@bJ 793-2008 | |
| 100 | @a20091110d2008 ekmy0chiy50 ea | |
| 101 | 0 | @achi |
| 102 | @aCN@b110000 | |
| 105 | @aak l 000yy | |
| 106 | @ar | |
| 200 | 1 | @a建筑桩基技术规范 JGJ 94-2008@Ajian zhu zhuang ji ji shu gui fan JGJ 94-2008@d= Technical code for building pile foundations@f批准部门中华人民共和国住房和城乡建设部@zeng |
| 210 | @a北京@c中国建筑工业出版社@d2008 | |
| 215 | @a317页@c图@d21cm | |
| 225 | 2 | @a中华人民共和国行业标准@Azhong hua ren min gong he guo hang ye biao zhun |
| 300 | @a本标准由中华人民共和国住房和城乡建设部于2008-04-22发布 ; 2008-10-01实施 UDC P | |
| 314 | @a本标准由中国建筑科学研究院主编 ; 本标准主要起草人: 黄强 ... [等] | |
| 410 | 0 | @12001 @a中华人民共和国行业标准 |
| 510 | 1 | @aTechnical code for building pile foundations@zeng |
| 606 | 0 | @a建筑@Ajian zhu@x桩技术@x行业标准@y中国@z2008 |
| 690 | @aTU473-65@v4 | |
| 711 | 02 | @a中国建筑科学研究院@Azhong guo jian zhu ke xue yan jiu yuan@4主编 |
| 712 | 01 | @a中国@Azhong guo@b住房和城乡建设部@Bzhu fang he cheng xiang jian she bu@4批准 |
| 801 | 0 | @aCN@c20161103 |
| 905 | @a河南城建学院图书馆@dTU473-65@eZ567 | |
| 建筑桩基技术规范 JGJ 94-2008= Technical code for building pile foundations/批准部门中华人民共和国住房和城乡建设部.-北京:中国建筑工业出版社,2008 |
| 317页:图;21cm.-(中华人民共和国行业标准) |
| 本标准由中华人民共和国住房和城乡建设部于2008-04-22发布 ; 2008-10-01实施 UDC P |
| ISBN 15112·14762:CNY48.00 |
| ● |
| 相关链接 |
|
|
|
正题名:建筑桩基技术规范 JGJ 94-2008
索取号:TU473-65/Z567
 
预约/预借
| 序号 | 登录号 | 条形码 | 馆藏地/架位号 | 状态 | 备注 |
| 1 | 1290422 | 212904222 | 土木与交通工程学院资料室/ [索取号:TU473-65/Z567] | 在馆 | |
| 2 | 1290423 | 212904231 | 土木与交通工程学院资料室/ [索取号:TU473-65/Z567] | 在馆 | |
| 3 | 1290424 | 212904240 | 土木与交通工程学院资料室/ [索取号:TU473-65/Z567] | 在馆 | |
| 4 | 1290425 | 212904259 | 土木与交通工程学院资料室/ [索取号:TU473-65/Z567] | 在馆 | |
| 5 | 1290426 | 212904268 | 土木与交通工程学院资料室/ [索取号:TU473-65/Z567] | 在馆 | |
| 6 | 1290427 | 212904277 | 土木与交通工程学院资料室/ [索取号:TU473-65/Z567] | 在馆 | |
| 7 | 1290428 | 212904286 | 土木与交通工程学院资料室/ [索取号:TU473-65/Z567] | 在馆 | |
| 8 | 1290429 | 212904295 | 土木与交通工程学院资料室/ [索取号:TU473-65/Z567] | 在馆 | |
| 9 | 1290430 | 212904302 | 土木与交通工程学院资料室/ [索取号:TU473-65/Z567] | 在馆 | |
| 10 | 1290431 | 212904311 | 土木与交通工程学院资料室/ [索取号:TU473-65/Z567] | 在馆 |